Catálogo
 En Linea

Breve historia de Grecia y Roma / (Registro nro. 40019)

Detalles MARC
000 -CABECERA
campo de control de longitud fija 00606nam a2200181 a 4500
001 - NÚMERO DE CONTROL
campo de control 000040529
005 - FECHA Y HORA DE LA ÚLTIMA TRANSACCIÓN
campo de control 20201002034207.0
008 - DATOS DE LONGITUD FIJA--INFORMACIÓN GENERAL
campo de control de longitud fija 130830s2010 sp 000 0 spa d
020 ## - NÚMERO INTERNACIONAL ESTÁNDAR DEL LIBRO
Número Internacional Estándar del Libro 9788420672496
040 ## - FUENTE DE LA CATALOGACIÓN
Centro catalogador/agencia de origen DO-SdBNP
Lengua de catalogación spa
Centro/agencia transcriptor BNPHU
100 1# - ENTRADA PRINCIPAL--NOMBRE DE PERSONA
Nombre de persona Barceló, Pedro
9 (RLIN) 66827
245 10 - MENCIÓN DE TÍTULO
Título Breve historia de Grecia y Roma /
Mención de responsabilidad, etc. Pedro Barceló.
260 ## - PUBLICACIÓN, DISTRIBUCIÓN, ETC.
Lugar de publicación, distribución, etc. Madrid :
Nombre del editor, distribuidor, etc. Alianza Editorial,
Fecha de publicación, distribución, etc. 2010.
300 ## - DESCRIPCIÓN FÍSICA
Extensión 384 p. ;
Dimensiones 18 cm.
490 1# - MENCIÓN DE SERIE
Mención de serie El Libro de bolsillo (Alianza Editorial)
-- historia
Designación de volumen o secuencia 4202
500 ## - NOTA GENERAL
Nota general Cuarta reimpresión
830 #0 - PUNTO DE ACCESO ADICIONAL DE SERIE-TÍTULO UNIFORME
Título uniforme El Libro de bolsillo (Alianza Editorial)
-- Historia
Designación de volumen o secuencia 4202
9 (RLIN) 66828
Existencias
Estado de retiro Estado de pérdida Restricciones de uso No para préstamo Código de colección Localización permanente Ubicación/localización actual Ubicación en estantería Fecha de adquisición Número de inventario Total de préstamos Signatura topográfica completa Código de barras Fecha visto por última vez Precio válido a partir de Tipo de ítem Koha
      Excluido de préstamo Monografías: Libros y Folletos General General En catalogación 30.08.2013 LF1   40529-10 25.06.2020 25.06.2020 No se presta

Con tecnología Koha